Online
Catalog

De teatro : (Record no. 10020)

MARC details
000 -CABECERA
campo de control de longitud fija 00799cam a2200217 a 4500
001 - NÚMERO DE CONTROL
campo de control 000010261
005 - FECHA Y HORA DE LA ÚLTIMA TRANSACCIÓN
campo de control 20200929162218.0
008 - DATOS DE LONGITUD FIJA--INFORMACIÓN GENERAL
campo de control de longitud fija 920924s1993 pr bc 001 0 spa
020 ## - NÚMERO INTERNACIONAL ESTÁNDAR DEL LIBRO
Número Internacional Estándar del Libro 0865814694
040 ## - FUENTE DE LA CATALOGACIÓN
Centro catalogador/agencia de origen DO-SdBNP
Lengua de catalogación spa
Centro/agencia transcriptor LC
Centro/agencia modificador BNGR
082 ## - NÚMERO DE LA CLASIFICACIÓN DECIMAL DEWEY
Número de clasificación PR862.44
Número de documento/Ítem T253t
049 ## - FONDOS LOCALES (OCLC)
Fondos de biblioteca BNGR
245 03 - MENCIÓN DE TÍTULO
Título De teatro :
Resto del título artículos periodísticos de Alfredo Matilla Jimeno 1946-1960 /
Mención de responsabilidad, etc. selección, prólogo e índice Alfredo Matilla Rivas.
260 ## - PUBLICACIÓN, DISTRIBUCIÓN, ETC.
Lugar de publicación, distribución, etc. San Juan, Puerto Rico :
Nombre del editor, distribuidor, etc. Instituto de Cultura Puertorriqueña,
Fecha de publicación, distribución, etc. 1993.
300 ## - DESCRIPCIÓN FÍSICA
Extensión 327 p. ;
Dimensiones 23 cm.
650 #4 - PUNTO DE ACCESO ADICIONAL DE MATERIA--TÉRMINO DE MATERIA
Término de materia o nombre geográfico como elemento de entrada Teatro puertorriqueño
9 (RLIN) 4514
650 #0 - PUNTO DE ACCESO ADICIONAL DE MATERIA--TÉRMINO DE MATERIA
Término de materia o nombre geográfico como elemento de entrada Literatura puertorriqueña
9 (RLIN) 250
700 1# - PUNTO DE ACCESO ADICIONAL--NOMBRE DE PERSONA
Nombre de persona Matilla Jimeno, Alfredo,
Fechas asociadas al nombre 1910-1977.
9 (RLIN) 25276
700 1# - PUNTO DE ACCESO ADICIONAL--NOMBRE DE PERSONA
Nombre de persona Matilla Rivas, Alfredo.
Término indicativo de función/relación pról.
9 (RLIN) 25277
910 ## - DATOS DE OPCIÓN DEL USUARIO (OCLC)
Datos de opción del usuario Catalogación por copia / LC
Holdings
Estado de retiro Estado de pérdida Restricciones de uso No para préstamo Código de colección Localización permanente Ubicación/localización actual Ubicación en estantería Fecha de adquisición Número de inventario Total de préstamos Signatura topográfica completa Código de barras Fecha visto por última vez Precio válido a partir de Tipo de ítem Koha
    Préstamo interno   Monografías: Libros y Folletos General General En catalogación 05.10.2009 LF1   PR862.44 T253t 10261-10 25.06.2020 25.06.2020 Préstamo interno

Powered by Koha